Accesorios de última generación

Đã lưu trong:
Chi tiết về thư mục
Tác giả chính: Castro, Miguel de (autor)
Định dạng: Sách
Ngôn ngữ:Tiếng Tây Ban Nha
Được phát hành: Barcelona, España CEAC 2001
Loạt:Biblioteca CEAC del Automóvil
Những chủ đề:
Các nhãn: Thêm thẻ
Không có thẻ, Là người đầu tiên thẻ bản ghi này!

MARC

LEADER 00000nam a2200000 a 4500
001 UCM8355
003 CL-VaPUC
005 20250107103148.0
008 030307e20010000SP |||||||||||||||||spa|d
999 |c 302890  |d 302888 
040 |c Pontificia Universidad Católica de Valparaíso 
082 0 4 |a 629.27 CAS 2001  |2 21 
100 0 |a Castro, Miguel de  |e autor  |9 474369 
245 1 0 |a Accesorios de última generación 
260 0 3 |a Barcelona, España  |b CEAC  |c 2001 
300 |a 285 páginas 
490 0 |a Biblioteca CEAC del Automóvil 
583 |a last modification  |c 20030307 00:00:00  |k Rodrigo Vera 
650 0 |a Automóviles  |9 260871 
650 0 |a Accesorios de vehículos  |9 428688 
650 0 |a Alarmas   |9 474370 
650 0 |a Airbag  |x Bolsa de aire  |9 434362 
650 7 |a ESPEJOS RETROVISORES  |2 CL-VaPUC  |9 474371 
650 7 |a TECHO SOLAR AUTOMATICO  |2 CL-VaPUC  |9 474372 
650 7 |a EQUIPOS ELECTRONICOS  |2 CL-VaPUC  |9 474373 
650 7 |a SISTEMAS DE NAVEGACION  |2 CL-VaPUC  |9 474374 
650 7 |a CALEFACCION ELECTRONICA  |2 CL-VaPUC  |9 474375 
650 0 |a Asientos regulables  |9 474376 
942 |c BK  |2 ddc 
945 |d 20030307 00:00:00  |a cmena 
952 |0 0  |1 0  |2 ddc  |4 0  |6 629_270000000000000_CAS_2001  |7 0  |8 A  |9 363703  |a BIBMEC  |b BIBMEC  |d 2019-11-21  |i 3881180  |l 1  |o 629.27 CAS 2001  |p 3881180  |r 2024-01-19  |s 2023-03-16  |t 1  |w 2019-11-21  |y BK  |k MEC